<?xml version="1.0" encoding="UTF-8"?>
<record
    xmlns:xsi="http://www.w3.org/2001/XMLSchema-instance"
    xsi:schemaLocation="http://www.loc.gov/MARC21/slim http://www.loc.gov/standards/marcxml/schema/MARC21slim.xsd"
    xmlns="http://www.loc.gov/MARC21/slim">

  <leader>00661nam a22001937a 4500</leader>
  <datafield tag="999" ind1=" " ind2=" ">
    <subfield code="c">170217</subfield>
    <subfield code="d">170217</subfield>
  </datafield>
  <controlfield tag="005">20191212115406.0</controlfield>
  <datafield tag="010" ind1=" " ind2=" ">
    <subfield code="a">A-435662</subfield>
  </datafield>
  <datafield tag="020" ind1=" " ind2=" ">
    <subfield code="c">86.00</subfield>
    <subfield code="a">-</subfield>
  </datafield>
  <datafield tag="035" ind1=" " ind2=" ">
    <subfield code="a">A-435662</subfield>
  </datafield>
  <datafield tag="037" ind1=" " ind2=" ">
    <subfield code="b">BPPD</subfield>
  </datafield>
  <datafield tag="082" ind1=" " ind2=" ">
    <subfield code="a">270.33</subfield>
  </datafield>
  <datafield tag="100" ind1=" " ind2=" ">
    <subfield code="a">&#x62E;&#x648; &#x627; &#x62C;&#x6C1; &#x62D;&#x633;&#x646; &#x62B;&#x627; &#x646;&#x6CC;  &#x6BA;&#x638;&#x627; &#x645;&#x6CC; </subfield>
  </datafield>
  <datafield tag="245" ind1=" " ind2=" ">
    <subfield code="a">&#x641;&#x648; &#x627; &#x621;&#x62F; &#x627; &#x644;&#x641;&#x648; &#x627;&#x62F; </subfield>
    <subfield code="c">&#x62E;&#x648; &#x627; &#x62C;&#x6C1; &#x62D;&#x633;&#x646; &#x62B;&#x627; &#x646;&#x6CC;  &#x6BA;&#x638;&#x627; &#x645;&#x6CC; </subfield>
  </datafield>
  <datafield tag="246" ind1=" " ind2=" ">
    <subfield code="a">Fawaid Ul Fawaid:Sultan Almashaikh (Urdu)</subfield>
    <subfield code="b">by Khawaja Hasan Sani Nizami</subfield>
  </datafield>
  <datafield tag="260" ind1=" " ind2=" ">
    <subfield code="a">N.Delhi</subfield>
    <subfield code="c">1990 &#x621; </subfield>
    <subfield code="b">Urdu Acedemy</subfield>
  </datafield>
  <datafield tag="270" ind1=" " ind2=" ">
    <subfield code="a">Delhi Ghata MasjidRoad,Darya Ganj</subfield>
    <subfield code="b">N.Delhi </subfield>
    <subfield code="k">-</subfield>
    <subfield code="e">110002</subfield>
  </datafield>
  <datafield tag="300" ind1=" " ind2=" ">
    <subfield code="a">1088 &#x635;</subfield>
    <subfield code="c">22 cm(hb)</subfield>
  </datafield>
  <datafield tag="942" ind1=" " ind2=" ">
    <subfield code="2">ddc</subfield>
    <subfield code="c">UR</subfield>
    <subfield code="h">270.33</subfield>
    <subfield code="m">&#x646; &#x638; &#x627; </subfield>
  </datafield>
  <datafield tag="952" ind1=" " ind2=" ">
    <subfield code="0">0</subfield>
    <subfield code="1">0</subfield>
    <subfield code="4">0</subfield>
    <subfield code="7">0</subfield>
    <subfield code="8">NFIC</subfield>
    <subfield code="a">L</subfield>
    <subfield code="b">L</subfield>
    <subfield code="d">2019-12-12</subfield>
    <subfield code="e">BPPD/Ven.</subfield>
    <subfield code="g">86.00</subfield>
    <subfield code="l">0</subfield>
    <subfield code="o">270.33 &#x646; &#x638; &#x627;</subfield>
    <subfield code="p">A-435662</subfield>
    <subfield code="r">2019-12-12 00:00:00</subfield>
    <subfield code="t">1</subfield>
    <subfield code="v">86.00</subfield>
    <subfield code="w">2019-12-12</subfield>
    <subfield code="y">UR</subfield>
  </datafield>
</record>
